| 000 | 00658nam a22002177a 4500 | ||
|---|---|---|---|
| 005 | 20170124105944.0 | ||
| 010 | _aA-540908 | ||
| 020 |
_c00.00 _a8185353034 |
||
| 035 | _aA-540908 | ||
| 037 | _bCen Lib/Ret | ||
| 040 |
_aDPL _bEN |
||
| 082 |
_a341 _bJAN |
||
| 100 |
_aJanis, Mark W. _980744 |
||
| 245 |
_aAn introduction to international law / _cby Mark W. Janis |
||
| 260 |
_aNew Delhi _bAditya Books _c1988 |
||
| 270 |
_aH-2/16, Ansari Road, Darya Ganj _bNew Delhi _e110002 |
||
| 300 |
_axvi, 299p. _c21cm(Hb) |
||
| 650 |
_aLaw _9104 |
||
| 650 |
_aInternational law _92114 |
||
| 942 |
_2ddc _cEN _h341 _mJAN |
||
| 999 |
_c124799 _d124799 |
||